Score 0/11 Timer 05:00
0 Plays Today
% Correct
Talbot
88.1%
Dylans
80.5%
Old Fire station
79.7%
Lansdowne
75.4%
Purbeck
66.9%
lyme regis
62.7%
CRANBORNE
60.2%
Corfe
49.2%
New
44.1%
Hurn
33.1%
Snowriders
13.6%
Remove Ads.
Support Sporcle.
Get the best of Sporcle when you Go Orange. This ad-free experience offers more features, more stats, and more fun while also helping to support Sporcle. Thank you for becoming a member.

You're not logged in!

Compare scores with friends on all Sporcle quizzes.
OR
Log In

Show Comments

Extras

Created Nov 23, 2010ReportNominate
Tags:University Quiz, Bournemouth

Top Quizzes Today


Score Distribution

Your Account Isn't Verified!

In order to create a playlist on Sporcle, you need to verify the email address you used during registration. Go to your Sporcle Settings to finish the process.

Report this User

Report this user for behavior that violates our Community Guidelines.

Details: